Normal view
MARC view
- شبة الجزيرة العربية- تاريخ القرن التاسع عشر ، شبة الجزيرة العربية- رحلات
Entry Topical Term
001 - CONTROL NUMBER
- control field: 18652
003 - CONTROL NUMBER IDENTIFIER
- control field: JO-AjAnu
005 - DATE AND TIME OF LATEST TRANSACTION
- control field: 20230606073255.0
008 - FIXED-LENGTH DATA ELEMENTS
- fixed length control field: 230606|| aca||aabn | a|a d
040 ## - CATALOGING SOURCE
- Original cataloging agency: JO-AjAnu
- Transcribing agency: JO-AjAnu
150 ## - HEADING--TOPICAL TERM
- Topical term or geographic name entry element: شبة الجزيرة العربية- تاريخ القرن التاسع عشر ، شبة الجزيرة العربية- رحلات
670 ## - SOURCE DATA FOUND
- Source citation: Work cat.: (JO-AjAnu)9574: تقديم وتعريب وتحرير البادي،عوض, author 18651, الأوضاع السياسية في وسط الجزيرة العربية عند نهاية القرن التاسع عشر(حائل، القصيم، الرياض ): نص رحلة البارون ادوارد نولده مبعوث روسيا الى نجد عام 1893 م/1310ه